000 00647nam a22001937a 4500
999 _c182142
_d182142
005 20211026150757.0
010 _aENG-130081
020 _a978-93-89624-42-7
_c250.00
035 _aEN-113613
037 _bDBAD/PUB
082 _a152
100 _aLalit, Ritu
245 _aFrom Son To Stranger:
_bCoping with Loneliness/
_cby Ritu Lalit
250 _a2020
260 _bVishwakarma Publications
_c2019
_aMaharashtra
270 _a34A/1, Suyog Center, 7th floor, Gultekedi Marketyard Road, Giridhar Bhavan Chowk,
_e411037
_bPune
_minfo@vpindia.co.in
_k9168682200
300 _a190p.
_c22cm (pbk)
942 _2ddc
_cEN
_h152
_mlal